| 000 | 00551nam a2200193Ia 4500 | ||
|---|---|---|---|
| 003 | GCL | ||
| 008 | 140319s9999 xx 000 0 ara d | ||
| 040 |
_aGCL / _cGCL |
||
| 082 | 0 | 4 |
_a301.417 _bع م |
| 100 | 1 | _aالمنعم الحفنى | |
| 245 | 1 | 0 |
_aالموسوعة النفسية الجنسية / _cالمنعم الحفنى |
| 700 | 1 | _aعبدالمنعم الحفنى | |
| 260 |
_a[S.N] : _bمكتبة مدبولى ، _c1992 |
||
| 300 | _a830 ص | ||
| 490 | _a | ||
| 650 | 0 | 4 | _aالجنس |
| 650 | 0 | 4 | _aعلم النفس |
| 942 |
_2ddc _cBK |
||
| 999 |
_c55177 _d55177 |
||